<?xml version="1.0" encoding="UTF-8"?>
<record
    xmlns:xsi="http://www.w3.org/2001/XMLSchema-instance"
    xsi:schemaLocation="http://www.loc.gov/MARC21/slim http://www.loc.gov/standards/marcxml/schema/MARC21slim.xsd"
    xmlns="http://www.loc.gov/MARC21/slim">

  <leader>00289nam a2200121Ia 4500</leader>
  <controlfield tag="008">211105s9999    xx            000 0 und d</controlfield>
  <datafield tag="020" ind1=" " ind2=" ">
    <subfield code="a">VYASA14916</subfield>
  </datafield>
  <datafield tag="100" ind1=" " ind2=" ">
    <subfield code="a">Atreya B. L.</subfield>
  </datafield>
  <datafield tag="245" ind1=" " ind2="4">
    <subfield code="a">The Vision And The Way Of Vasistha</subfield>
  </datafield>
  <datafield tag="250" ind1=" " ind2=" ">
    <subfield code="a">2nd</subfield>
  </datafield>
  <datafield tag="260" ind1=" " ind2=" ">
    <subfield code="b">Samanta Books</subfield>
    <subfield code="c">\N</subfield>
  </datafield>
  <datafield tag="300" ind1=" " ind2=" ">
    <subfield code="a">586p.</subfield>
  </datafield>
  <datafield tag="952" ind1=" " ind2=" ">
    <subfield code="0">0</subfield>
    <subfield code="1">0</subfield>
    <subfield code="2">ddc</subfield>
    <subfield code="4">0</subfield>
    <subfield code="7">0</subfield>
    <subfield code="8">DYPS</subfield>
    <subfield code="a">SVYASA</subfield>
    <subfield code="b">SVYASA</subfield>
    <subfield code="c">R3.7A</subfield>
    <subfield code="d">2007-09-11</subfield>
    <subfield code="f">3.1A</subfield>
    <subfield code="l">2</subfield>
    <subfield code="p">10943</subfield>
    <subfield code="r">2025-10-29 16:14:07</subfield>
    <subfield code="s">2025-10-08</subfield>
    <subfield code="w">2021-11-09</subfield>
    <subfield code="y">BKS</subfield>
  </datafield>
  <datafield tag="952" ind1=" " ind2=" ">
    <subfield code="0">0</subfield>
    <subfield code="1">0</subfield>
    <subfield code="4">0</subfield>
    <subfield code="7">0</subfield>
    <subfield code="a">SVYASA</subfield>
    <subfield code="b">SVYASA</subfield>
    <subfield code="d">2015-12-04</subfield>
    <subfield code="f">3.1A</subfield>
    <subfield code="g">300.00</subfield>
    <subfield code="p">17739</subfield>
    <subfield code="r">2021-11-09 00:00:00</subfield>
    <subfield code="w">2021-11-09</subfield>
    <subfield code="y">BKS</subfield>
  </datafield>
  <datafield tag="999" ind1=" " ind2=" ">
    <subfield code="c">8091</subfield>
    <subfield code="d">8091</subfield>
  </datafield>
</record>
